UM Logo

Adventures in criminal justice research : (Record no. 7764)

MARC details
000 -LEADER
fixed length control field 00967nam a2200205 4500
008 - FIXED-LENGTH DATA ELEMENTS--GENERAL INFORMATION
fixed length control field 171116b xxu||||| |||| 00| 0 eng d
020 ## - INTERNATIONAL STANDARD BOOK NUMBER
International Standard Book Number 0-7619-8517-4
082 ## - DEWEY DECIMAL CLASSIFICATION NUMBER
Edition number 1997
Classification number DC 345.072
Item number D76a
100 ## - MAIN ENTRY--PERSONAL NAME
9 (RLIN) 23408
Personal name Dowdall, George W., author.
245 ## - TITLE STATEMENT
Title Adventures in criminal justice research :
Remainder of title data analysis using SPSS for Windows /
Statement of responsibility, etc. George W. Dowdall, Earl Babbie, Fred Halley.
260 ## - PUBLICATION, DISTRIBUTION, ETC. (IMPRINT)
Place of publication, distribution, etc. Thousand Oaks, Calif. :
Name of publisher, distributor, etc. Pine Forge Press,
Date of publication, distribution, etc. ©1997.
300 ## - PHYSICAL DESCRIPTION
Extent xvii, 364 pages :
Other physical details illustrations ;
Dimensions 28 cm +
Accompanying material 1 computer disk (3 1/2 in.).
500 ## - GENERAL NOTE
General note Includes bibliographical references (pages [357]-360) and index.
650 #0 - SUBJECT ADDED ENTRY--TOPICAL TERM
9 (RLIN) 23409
Topical term or geographic name as entry element SPSS for Windows
650 #0 - SUBJECT ADDED ENTRY--TOPICAL TERM
9 (RLIN) 23410
Topical term or geographic name as entry element Criminal justice, Administration of
Geographic subdivision Statistical methods -- Computer programs
650 #0 - SUBJECT ADDED ENTRY--TOPICAL TERM
9 (RLIN) 23411
Topical term or geographic name as entry element Criminal justice, Administration of
Geographic subdivision Research -- Computer programs
700 ## - ADDED ENTRY--PERSONAL NAME
9 (RLIN) 23412
Personal name Babbie, Earl R., author.
700 ## - ADDED ENTRY--PERSONAL NAME
9 (RLIN) 23413
Personal name Halley, Fred., author.
942 ## - ADDED ENTRY ELEMENTS (KOHA)
Source of classification or shelving scheme Dewey Decimal Classification
Koha item type Circulation
Holdings
Withdrawn status Lost status Source of classification or shelving scheme Damaged status Not for loan Collection code Home library Current library Date acquired Coded location qualifier Total Checkouts Full call number Barcode Date last seen Copy number Price effective from Koha item type
    Dewey Decimal Classification     Circulation UM Digos College - LIC UM Digos College - LIC 02/02/2000 1   DC 345.072 D76a 1997 19709 06/08/2021 1 11/16/2017 Circulation